[Event "Blitz 2018"]
[Site "Saint-Petersburg"]
[Date "2018.12.30"]
[Round "16"]
[Board "85"]
[White "Iljin Artem (RUS)"]
[Black "Sharma Dinesh K. (IND)"]
[Result "1-0"]
[LiveChessVersion "1.4.8"]
[BlackElo "2383"]
[WhiteElo "2525"]

1. Nf3 {[%clk 0:03:03]} Nf6 {[%clk 0:03:03]} 2. c4 {[%clk 0:03:04]} g6
{[%clk 0:03:03]} 3. Nc3 {[%clk 0:03:01]} Bg7 {[%clk 0:03:04]} 4. d4
{[%clk 0:03:02]} O-O {[%clk 0:03:03]} 5. Bg5 {[%clk 0:03:03]} d6 {[%clk 0:03:04]}
6. e3 {[%clk 0:03:04]} Nbd7 {[%clk 0:03:00]} 7. Be2 {[%clk 0:03:00]} e5
{[%clk 0:03:01]} 8. O-O {[%clk 0:02:58]} Re8 {[%clk 0:03:01]} 9. Qc2
{[%clk 0:02:51]} c6 {[%clk 0:02:58]} 10. dxe5 {[%clk 0:02:46]} dxe5
{[%clk 0:02:58]} 11. Rad1 {[%clk 0:02:46]} Qc7 {[%clk 0:02:50]} 12. Nd2
{[%clk 0:02:47]} h6 {[%clk 0:02:44]} 13. Bh4 {[%clk 0:02:47]} Nf8
{[%clk 0:01:44]} 14. c5 {[%clk 0:02:23]} Bf5 {[%clk 0:01:35]} 15. Qc1
{[%clk 0:02:05]} b5 {[%clk 0:01:23]} 16. cxb6 {[%clk 0:01:19]} Qxb6
{[%clk 0:00:59]} 17. Nc4 {[%clk 0:01:20]} Qc5 {[%clk 0:00:50]} 18. Nd6
{[%clk 0:00:54]} Red8 {[%clk 0:00:43]} 19. Nxf5 {[%clk 0:00:19]} gxf5
{[%clk 0:00:42]} 20. Qb1 {[%clk 0:00:19]} e4 {[%clk 0:00:33]} 21. Rxd8
{[%clk 0:00:15]} Rxd8 {[%clk 0:00:34]} 22. Rd1 {[%clk 0:00:17]} Rd7
{[%clk 0:00:28]} 23. h3 {[%clk 0:00:12]} Nd5 {[%clk 0:00:26]} 24. Na4
{[%clk 0:00:10]} Qb4 {[%clk 0:00:23]} 25. b3 {[%clk 0:00:12]} Ne6
{[%clk 0:00:18]} 26. Bc4 {[%clk 0:00:10]} Be5 {[%clk 0:00:12]} 27. Qc2
{[%clk 0:00:10]} Kg7 {[%clk 0:00:11]} 28. Be2 {[%clk 0:00:10]} Qb7
{[%clk 0:00:08]} 29. Rc1 {[%clk 0:00:07]} Nb4 {[%clk 0:00:09]} 30. Qb1
{[%clk 0:00:05]} Nd3 {[%clk 0:00:08]} 31. Rc2 {[%clk 0:00:04]} Nb4
{[%clk 0:00:08]} 32. Rc1 {[%clk 0:00:05]} Nd3 {[%clk 0:00:09]} 33. Rd1
{[%clk 0:00:06]} Nb4 {[%clk 0:00:08]} 34. Bc4 {[%clk 0:00:05]} Qc7
{[%clk 0:00:07]} 35. Bxe6 {[%clk 0:00:05]} fxe6 {[%clk 0:00:08]} 36. Nc5
{[%clk 0:00:07]} Rxd1+ {[%clk 0:00:08]} 37. Qxd1 {[%clk 0:00:08]} Qf7
{[%clk 0:00:07]} 38. a3 {[%clk 0:00:08]} Nd5 {[%clk 0:00:08]} 39. Qe2
{[%clk 0:00:07]} Bd6 {[%clk 0:00:08]} 40. b4 {[%clk 0:00:08]} Bxc5
{[%clk 0:00:09]} 41. bxc5 {[%clk 0:00:09]} Qb7 {[%clk 0:00:10]} 42. Qc2
{[%clk 0:00:09]} Qb5 {[%clk 0:00:09]} 43. Bg3 {[%clk 0:00:10]} Qd3
{[%clk 0:00:10]} 44. Qb2+ {[%clk 0:00:11]} Qc3 {[%clk 0:00:11]} 45. Qb7+
{[%clk 0:00:12]} Kg6 {[%clk 0:00:11]} 46. Qxc6 {[%clk 0:00:13]} Kf6
{[%clk 0:00:11]} 47. Bh4+ {[%clk 0:00:14]} Kg7 {[%clk 0:00:06]} 48. Qd7+
{[%clk 0:00:14]} Kf8 {[%clk 0:00:05]} 49. Qxe6 {[%clk 0:00:15]} Qxc5
{[%clk 0:00:05]} 50. Qxf5+ {[%clk 0:00:16]} Ke8 {[%clk 0:00:06]} 51. Qxe4+
{[%clk 0:00:17]} Kd7 {[%clk 0:00:07]} 52. Qd3 {[%clk 0:00:16]} Ke6
{[%clk 0:00:07]} 53. Bg3 {[%clk 0:00:17]} Qc1+ {[%clk 0:00:07]} 54. Kh2
{[%clk 0:00:19]} Qc5 {[%clk 0:00:08]} 55. e4 {[%clk 0:00:19]} Nf6
{[%clk 0:00:08]} 56. f3 {[%clk 0:00:20]} Nh5 {[%clk 0:00:08]} 57. Qb3+
{[%clk 0:00:16]} Ke7 {[%clk 0:00:05]} 58. Qb4 {[%clk 0:00:17]} 1-0

[Event "Blitz 2018"]
[Site "Saint-Petersburg"]
[Date "2018.12.30"]
[Round "16"]
[Board "86"]
[White "Fakhrutdinov Timur (RUS)"]
[Black "Anikonov Dmitry (RUS)"]
[Result "1-0"]
[LiveChessVersion "1.4.8"]
[BlackElo "2511"]
[WhiteElo "2357"]

1. e4 {[%clk 0:03:03]} d6 {[%clk 0:03:04]} 2. d4 {[%clk 0:03:04]} Nf6
{[%clk 0:03:05]} 3. Nc3 {[%clk 0:03:05]} e5 {[%clk 0:03:06]} 4. Nf3
{[%clk 0:03:06]} exd4 {[%clk 0:03:07]} 5. Nxd4 {[%clk 0:03:07]} Be7
{[%clk 0:03:08]} 6. Bf4 {[%clk 0:03:05]} O-O {[%clk 0:03:08]} 7. Qd2
{[%clk 0:03:06]} Nc6 {[%clk 0:03:08]} 8. O-O-O {[%clk 0:03:05]} Nxd4
{[%clk 0:03:07]} 9. Qxd4 a6 10. f3 {[%clk 0:03:00]} b5 {[%clk 0:03:10]} 11. g4
{[%clk 0:02:27]} c5 {[%clk 0:03:11]} 12. Qd2 {[%clk 0:02:19]} b4 {[%clk 0:03:12]}
13. Nd5 {[%clk 0:02:15]} Nxd5 {[%clk 0:03:13]} 14. exd5 {[%clk 0:02:16]} Bf6
{[%clk 0:03:06]} 15. h4 {[%clk 0:02:02]} Re8 {[%clk 0:02:58]} 16. Bd3
{[%clk 0:01:39]} Qa5 {[%clk 0:02:08]} 17. Kb1 {[%clk 0:01:40]} Bd7
{[%clk 0:01:52]} 18. g5 {[%clk 0:01:33]} Bd4 {[%clk 0:01:52]} 19. h5
{[%clk 0:01:24]} Bc3 {[%clk 0:00:40]} 20. Qc1 {[%clk 0:01:02]} Be5
{[%clk 0:00:32]} 21. g6 {[%clk 0:00:59]} c4 {[%clk 0:00:28]} 22. gxf7+ Kxf7 23.
Bxh7 {[%clk 0:00:38]} Rh8 {[%clk 0:00:24]} 24. Bg6+ {[%clk 0:00:38]} Kf8
{[%clk 0:00:25]} 25. Bxe5 {[%clk 0:00:28]} dxe5 {[%clk 0:00:27]} 26. Qg5
{[%clk 0:00:14]} b3 {[%clk 0:00:26]} 27. cxb3 {[%clk 0:00:14]} cxb3
{[%clk 0:00:28]} 28. a3 {[%clk 0:00:15]} Qc7 {[%clk 0:00:24]} 29. d6
{[%clk 0:00:15]} Qc5 {[%clk 0:00:23]} 30. Qe7+ {[%clk 0:00:15]} 1-0

[Event "Blitz 2018"]
[Site "Saint-Petersburg"]
[Date "2018.12.30"]
[Round "16"]
[Board "94"]
[White "Alsulaymi Abdullah M (KSA)"]
[Black "Ovchinnikov Vsevolod (RUS)"]
[Result "0-1"]
[BlackElo "2375"]
[WhiteElo "1833"]
[LiveChessVersion "1.4.8"]

1. e4 {[%clk 0:03:03]} e6 {[%clk 0:03:03]} 2. d4 {[%clk 0:03:04]} d5
{[%clk 0:03:05]} 3. Nc3 {[%clk 0:03:05]} Bb4 {[%clk 0:03:06]} 4. e5
{[%clk 0:03:06]} c5 {[%clk 0:03:07]} 5. a3 {[%clk 0:03:07]} Bxc3+
{[%clk 0:03:07]} 6. bxc3 {[%clk 0:03:08]} Qc7 {[%clk 0:03:08]} 7. Nf3
{[%clk 0:03:04]} Ne7 {[%clk 0:02:55]} 8. Be2 {[%clk 0:03:03]} b6 {[%clk 0:02:55]}
9. O-O {[%clk 0:03:02]} Ba6 {[%clk 0:02:56]} 10. Rb1 {[%clk 0:02:56]} h6
{[%clk 0:02:49]} 11. Re1 {[%clk 0:02:52]} O-O {[%clk 0:02:42]} 12. Bf4
{[%clk 0:02:44]} Bxe2 {[%clk 0:02:09]} 13. Rxe2 {[%clk 0:02:43]} Nbc6
{[%clk 0:01:53]} 14. Qd2 {[%clk 0:02:40]} Kh7 {[%clk 0:01:13]} 15. h4
{[%clk 0:02:40]} cxd4 {[%clk 0:01:09]} 16. cxd4 {[%clk 0:02:40]} Na5
{[%clk 0:01:08]} 17. Qd3+ {[%clk 0:02:33]} Kh8 {[%clk 0:01:09]} 18. Rbe1
{[%clk 0:02:16]} Rac8 {[%clk 0:01:09]} 19. Nh2 {[%clk 0:01:59]} Qc3
{[%clk 0:00:53]} 20. Qd1 {[%clk 0:01:33]} Nc4 {[%clk 0:00:37]} 21. Ng4
{[%clk 0:01:17]} Nf5 {[%clk 0:00:35]} 22. Qc1 {[%clk 0:00:41]} Qxa3
{[%clk 0:00:19]} 23. Qxa3 {[%clk 0:00:42]} Nxa3 {[%clk 0:00:21]} 24. Ra1
{[%clk 0:00:26]} Nxc2 {[%clk 0:00:15]} 25. Rxa7 {[%clk 0:00:25]} Ncxd4
{[%clk 0:00:16]} 26. Rea2 {[%clk 0:00:23]} Nxh4 {[%clk 0:00:13]} 27. Be3
{[%clk 0:00:22]} Nhf5 {[%clk 0:00:13]} 28. Kh2 {[%clk 0:00:17]} Nxe3
{[%clk 0:00:13]} 29. fxe3 {[%clk 0:00:17]} Nf5 {[%clk 0:00:13]} 30. Rb7
{[%clk 0:00:15]} Rc6 {[%clk 0:00:12]} 31. Raa7 {[%clk 0:00:16]} Kg8
{[%clk 0:00:13]} 32. Kh3 {[%clk 0:00:14]} h5 {[%clk 0:00:14]} 33. Nf2
{[%clk 0:00:13]} Nxe3 {[%clk 0:00:14]} 34. Nd3 {[%clk 0:00:13]} Nc4
{[%clk 0:00:14]} 35. Nf4 {[%clk 0:00:13]} Nxe5 {[%clk 0:00:14]} 36. Nxh5
{[%clk 0:00:14]} Rd6 {[%clk 0:00:12]} 37. Nf4 {[%clk 0:00:15]} Nc6
{[%clk 0:00:12]} 38. Ra6 {[%clk 0:00:15]} Nb4 {[%clk 0:00:12]} 39. Raxb6
{[%clk 0:00:15]} Rxb6 {[%clk 0:00:13]} 40. Rxb6 {[%clk 0:00:16]} Nc2
{[%clk 0:00:14]} 41. Rb3 {[%clk 0:00:16]} Nd4 {[%clk 0:00:15]} 42. Rg3
{[%clk 0:00:16]} Nf5 {[%clk 0:00:16]} 43. Rg4 {[%clk 0:00:16]} g6
{[%clk 0:00:17]} 44. Nh5 {[%clk 0:00:15]} Ra8 {[%clk 0:00:14]} 45. Nf6+
{[%clk 0:00:16]} Kg7 {[%clk 0:00:14]} 46. Nd7 {[%clk 0:00:15]} Rh8+
{[%clk 0:00:13]} 0-1

[Event "Blitz 2018"]
[Site "Saint-Petersburg"]
[Date "2018.12.30"]
[Round "16"]
[Board "95"]
[White "Gurvich Vitaly (RUS)"]
[Black "Masrahi Abdulrahman A (KSA)"]
[Result "1-0"]
[BlackElo "1966"]
[WhiteElo "2302"]
[LiveChessVersion "1.4.8"]

1. e4 {[%clk 0:03:03]} e5 {[%clk 0:03:03]} 2. Nf3 {[%clk 0:03:04]} Nc6
{[%clk 0:03:04]} 3. Bb5 {[%clk 0:03:04]} a6 {[%clk 0:03:06]} 4. Ba4
{[%clk 0:03:00]} Nf6 {[%clk 0:03:06]} 5. d3 {[%clk 0:03:00]} Bc5 {[%clk 0:02:55]}
6. Nc3 {[%clk 0:02:52]} d6 {[%clk 0:02:56]} 7. a3 {[%clk 0:02:47]} O-O
{[%clk 0:02:55]} 8. h3 {[%clk 0:02:37]} h6 {[%clk 0:02:47]} 9. Rg1
{[%clk 0:02:35]} d5 {[%clk 0:02:31]} 10. Bxc6 {[%clk 0:02:34]} bxc6
{[%clk 0:02:32]} 11. Qe2 {[%clk 0:02:30]} dxe4 {[%clk 0:02:21]} 12. dxe4
{[%clk 0:02:18]} Qe7 {[%clk 0:02:04]} 13. Be3 {[%clk 0:02:10]} a5
{[%clk 0:01:57]} 14. Bxc5 {[%clk 0:02:03]} Qxc5 {[%clk 0:01:57]} 15. Qe3
{[%clk 0:02:04]} Qxe3+ {[%clk 0:01:48]} 16. fxe3 {[%clk 0:02:05]} Re8
{[%clk 0:01:44]} 17. O-O-O {[%clk 0:02:04]} Nd7 {[%clk 0:01:09]} 18. g4
{[%clk 0:01:30]} Nf8 {[%clk 0:00:46]} 19. Nh4 {[%clk 0:01:24]} g5
{[%clk 0:00:35]} 20. Nf5 {[%clk 0:01:23]} Kh7 {[%clk 0:00:23]} 21. b3
{[%clk 0:01:09]} Be6 {[%clk 0:00:23]} 22. h4 {[%clk 0:00:58]} Bxf5
{[%clk 0:00:14]} 23. exf5 {[%clk 0:00:58]} gxh4 {[%clk 0:00:14]} 24. Ne4
{[%clk 0:00:58]} Kg7 {[%clk 0:00:04]} 25. Rh1 {[%clk 0:00:53]} Rad8
{[%clk 0:00:04]} 26. Rdg1 {[%clk 0:00:52]} f6 {[%clk 0:00:04]} 27. Rxh4
{[%clk 0:00:53]} Nd7 {[%clk 0:00:04]} 28. Rgh1 {[%clk 0:00:44]} Rh8
{[%clk 0:00:05]} 29. a4 {[%clk 0:00:33]} Nb6 {[%clk 0:00:05]} 30. Nc5
{[%clk 0:00:26]} Rd7 {[%clk 0:00:04]} 31. Ne6+ {[%clk 0:00:27]} Kf7
{[%clk 0:00:05]} 32. Rxh6 {[%clk 0:00:26]} Rxh6 {[%clk 0:00:06]} 33. Rxh6
{[%clk 0:00:27]} Nd5 {[%clk 0:00:05]} 34. Rh7+ {[%clk 0:00:21]} Ke8
{[%clk 0:00:07]} 35. Rh8+ {[%clk 0:00:22]} Ke7 {[%clk 0:00:06]} 36. Rh7+
{[%clk 0:00:12]} Ke8 {[%clk 0:00:06]} 37. Rxd7 {[%clk 0:00:08]} Kxd7
{[%clk 0:00:07]} 38. Kd2 {[%clk 0:00:10]} Kd6 {[%clk 0:00:06]} 39. c3
{[%clk 0:00:09]} c5 {[%clk 0:00:04]} 40. Kd3 {[%clk 0:00:07]} Nb6
{[%clk 0:00:05]} 41. c4 {[%clk 0:00:07]} Nd7 {[%clk 0:00:05]} 42. g5
{[%clk 0:00:06]} fxg5 {[%clk 0:00:06]} 43. Nxg5 {[%clk 0:00:07]} Ke7
{[%clk 0:00:04]} 44. Ke4 {[%clk 0:00:07]} Kf6 {[%clk 0:00:05]} 45. Nf3
{[%clk 0:00:08]} c6 {[%clk 0:00:05]} 46. Nd2 Nb6 {[%clk 0:00:06]} 47. Nf1
{[%clk 0:00:07]} Nd7 {[%clk 0:00:05]} 48. Ng3 {[%clk 0:00:07]} Kg5
{[%clk 0:00:04]} 49. Kf3 {[%clk 0:00:05]} Nf6 {[%clk 0:00:03]} 50. Ne4+
{[%clk 0:00:04]} Kxf5 {[%clk 0:00:04]} 51. Nxc5 {[%clk 0:00:05]} e4+
{[%clk 0:00:03]} 52. Ke2 {[%clk 0:00:06]} Ng4 {[%clk 0:00:03]} 53. Nb7
{[%clk 0:00:06]} Ne5 {[%clk 0:00:03]} 54. Nxa5 {[%clk 0:00:06]} Kg4
{[%clk 0:00:03]} 55. Nb7 {[%clk 0:00:06]} Kg3 {[%clk 0:00:03]} 56. a5
{[%clk 0:00:07]} 1-0

[Event "Blitz 2018"]
[Site "Saint-Petersburg"]
[Date "2018.12.30"]
[Round "16"]
[Board "96"]
[White "Al Thebaiti Ahmed M (KSA)"]
[Black "Hirneise Jens (GER)"]
[Result "0-1"]
[BlackElo "2363"]
[WhiteElo "1976"]
[LiveChessVersion "1.4.8"]

1. d4 {[%clk 0:03:03]} Nf6 {[%clk 0:03:03]} 2. c4 {[%clk 0:03:04]} g6
{[%clk 0:03:04]} 3. Nc3 {[%clk 0:03:05]} Bg7 {[%clk 0:03:05]} 4. e4
{[%clk 0:03:06]} d6 {[%clk 0:03:07]} 5. f4 {[%clk 0:03:07]} O-O {[%clk 0:03:07]}
6. Nf3 {[%clk 0:03:08]} c5 {[%clk 0:03:09]} 7. d5 {[%clk 0:03:09]} e6
{[%clk 0:03:08]} 8. Be2 {[%clk 0:03:10]} exd5 {[%clk 0:03:09]} 9. exd5
{[%clk 0:03:11]} Re8 {[%clk 0:03:00]} 10. O-O {[%clk 0:03:11]} Ne4
{[%clk 0:02:56]} 11. Nxe4 {[%clk 0:03:05]} Rxe4 {[%clk 0:02:56]} 12. Bd3
{[%clk 0:03:05]} Re8 {[%clk 0:02:54]} 13. Qc2 {[%clk 0:03:00]} Bg4
{[%clk 0:02:50]} 14. Bd2 {[%clk 0:02:53]} Nd7 {[%clk 0:02:45]} 15. h3
{[%clk 0:02:37]} Bxf3 {[%clk 0:02:37]} 16. Rxf3 {[%clk 0:02:38]} Bd4+
{[%clk 0:02:34]} 17. Kh2 {[%clk 0:02:34]} Qf6 {[%clk 0:02:33]} 18. Rb1
{[%clk 0:02:33]} Re7 {[%clk 0:02:25]} 19. b3 {[%clk 0:02:33]} Rae8
{[%clk 0:02:24]} 20. Rbf1 {[%clk 0:02:33]} Qg7 {[%clk 0:01:53]} 21. g4
{[%clk 0:02:30]} Qh6 {[%clk 0:01:43]} 22. f5 {[%clk 0:02:19]} Be3
{[%clk 0:00:15]} 23. fxg6 {[%clk 0:01:30]} fxg6 {[%clk 0:00:09]} 24. Bxe3
{[%clk 0:01:08]} Rxe3 {[%clk 0:00:09]} 25. Qf2 {[%clk 0:00:51]} Rxf3
{[%clk 0:00:06]} 26. Qxf3 {[%clk 0:00:51]} Qg7 {[%clk 0:00:05]} 27. Qf4
{[%clk 0:00:30]} Qe5 {[%clk 0:00:03]} 28. Qxe5 {[%clk 0:00:26]} Rxe5
{[%clk 0:00:04]} 29. Rf3 {[%clk 0:00:10]} Re1 {[%clk 0:00:04]} 30. Kg3
{[%clk 0:00:11]} Ne5 {[%clk 0:00:05]} 31. Rf1 {[%clk 0:00:06]} Re3+
{[%clk 0:00:06]} 0-1

[Event "Blitz 2018"]
[Site "Saint-Petersburg"]
[Date "2018.12.30"]
[Round "16"]
[Board "97"]
[White "Al Turky Fahad A (KSA)"]
[Black "Zakhartsov Vladimir (RUS)"]
[Result "0-1"]
[BlackElo "2567"]
[WhiteElo "1851"]
[LiveChessVersion "1.4.8"]

1. e4 {[%clk 0:03:03]} Na6 {[%clk 0:03:03]} 2. Nf3 {[%clk 0:03:01]} c6
{[%clk 0:03:00]} 3. d4 {[%clk 0:03:01]} Nc7 {[%clk 0:03:01]} 4. Be2
{[%clk 0:02:55]} d5 {[%clk 0:03:02]} 5. e5 {[%clk 0:02:53]} Bg4 {[%clk 0:03:03]}
6. O-O {[%clk 0:02:53]} e6 {[%clk 0:03:04]} 7. c4 {[%clk 0:02:39]} dxc4
{[%clk 0:03:01]} 8. a4 {[%clk 0:02:24]} Ne7 {[%clk 0:02:56]} 9. Nc3
{[%clk 0:02:23]} Nf5 {[%clk 0:02:55]} 10. Be3 {[%clk 0:02:14]} Nd5
{[%clk 0:02:54]} 11. Nxd5 {[%clk 0:02:10]} cxd5 {[%clk 0:02:54]} 12. b3
{[%clk 0:01:56]} Bxf3 {[%clk 0:02:54]} 13. Bxf3 {[%clk 0:01:55]} c3
{[%clk 0:02:50]} 14. Rc1 {[%clk 0:01:49]} Qa5 {[%clk 0:02:51]} 15. Qd3
{[%clk 0:01:45]} Bb4 {[%clk 0:02:49]} 16. g4 {[%clk 0:01:36]} Nxe3
{[%clk 0:02:44]} 17. fxe3 {[%clk 0:01:35]} O-O-O {[%clk 0:02:38]} 18. e4
{[%clk 0:01:31]} dxe4 {[%clk 0:02:32]} 19. Qxe4 {[%clk 0:01:30]} Qb6
{[%clk 0:02:30]} 20. Rfd1 {[%clk 0:01:19]} Rd7 {[%clk 0:02:29]} 21. Kg2
{[%clk 0:00:59]} Rhd8 {[%clk 0:02:29]} 22. Qxh7 {[%clk 0:00:56]} Rxd4
{[%clk 0:02:24]} 23. Qxg7 {[%clk 0:00:48]} Rd2+ {[%clk 0:02:12]} 24. Kh3
{[%clk 0:00:21]} Qf2 {[%clk 0:02:02]} 25. Rxd2 {[%clk 0:00:15]} Qxf3+
{[%clk 0:02:03]} 26. Kh4 {[%clk 0:00:13]} Be7+ {[%clk 0:01:51]} 27. Kh5
{[%clk 0:00:05]} Qh3# {[%clk 0:01:51]} 0-1

[Event "Blitz 2018"]
[Site "Saint-Petersburg"]
[Date "2018.12.30"]
[Round "16"]
[Board "98"]
[White "Khayat Abdullah F (KSA)"]
[Black "Perdomo Carlos Andres (COL)"]
[Result "1/2-1/2"]
[BlackElo "2301"]
[WhiteElo "1709"]
[LiveChessVersion "1.4.8"]

1. Nf3 {[%clk 0:03:02]} c5 {[%clk 0:03:03]} 2. g3 {[%clk 0:03:02]} b6
{[%clk 0:03:05]} 3. Bg2 Bb7 4. O-O {[%clk 0:03:01]} e6 {[%clk 0:03:08]} 5. c3
{[%clk 0:02:58]} Nf6 {[%clk 0:03:08]} 6. d4 {[%clk 0:02:58]} Be7 {[%clk 0:03:07]}
7. Nbd2 {[%clk 0:02:58]} O-O {[%clk 0:03:06]} 8. Qc2 {[%clk 0:02:56]} d5
{[%clk 0:03:07]} 9. Re1 {[%clk 0:02:56]} Nc6 {[%clk 0:03:08]} 10. a3
{[%clk 0:02:40]} Rc8 {[%clk 0:03:09]} 11. Qd1 {[%clk 0:02:31]} Qc7
{[%clk 0:03:04]} 12. Nf1 {[%clk 0:02:04]} cxd4 {[%clk 0:02:59]} 13. cxd4
{[%clk 0:01:57]} Na5 {[%clk 0:03:00]} 14. Bf4 {[%clk 0:01:51]} Qc2
{[%clk 0:03:00]} 15. Qxc2 {[%clk 0:01:32]} Rxc2 {[%clk 0:03:01]} 16. Rac1
{[%clk 0:01:33]} Rxb2 {[%clk 0:02:46]} 17. Rc7 {[%clk 0:01:31]} Bxa3
{[%clk 0:02:46]} 18. Ra1 {[%clk 0:01:20]} Bb4 {[%clk 0:02:13]} 19. Bd2
{[%clk 0:00:33]} Bxd2 {[%clk 0:01:51]} 20. N1xd2 {[%clk 0:00:30]} Rc8
{[%clk 0:01:12]} 21. Rac1 {[%clk 0:00:25]} Rxc7 {[%clk 0:01:08]} 22. Rxc7
{[%clk 0:00:26]} h6 {[%clk 0:01:03]} 23. h4 {[%clk 0:00:11]} Ne8 {[%clk 0:00:48]}
24. Rc1 {[%clk 0:00:06]} Ba6 {[%clk 0:00:43]} 25. Bf1 {[%clk 0:00:05]} Bc4
{[%clk 0:00:40]} 26. Nb1 {[%clk 0:00:04]} Nd6 {[%clk 0:00:40]} 27. Nc3
{[%clk 0:00:04]} b5 {[%clk 0:00:36]} 28. Ne5 {[%clk 0:00:05]} f6 {[%clk 0:00:33]}
29. Nxc4 {[%clk 0:00:04]} dxc4 {[%clk 0:00:32]} 30. e4 {[%clk 0:00:04]} Nb3
{[%clk 0:00:24]} 31. e5 {[%clk 0:00:05]} Nxc1 {[%clk 0:00:18]} 32. exd6
{[%clk 0:00:05]} Kf7 {[%clk 0:00:19]} 33. d5 {[%clk 0:00:04]} exd5
{[%clk 0:00:13]} 34. d7 {[%clk 0:00:05]} Ke7 {[%clk 0:00:14]} 35. Bh3
{[%clk 0:00:06]} Ne2+ {[%clk 0:00:14]} 36. Nxe2 {[%clk 0:00:04]} Rxe2
{[%clk 0:00:15]} 37. Kf1 {[%clk 0:00:05]} Re4 {[%clk 0:00:15]} 38. f3
{[%clk 0:00:06]} Re3 {[%clk 0:00:16]} 39. Kf2 {[%clk 0:00:07]} d4
{[%clk 0:00:17]} 40. Bf5 {[%clk 0:00:07]} b4 {[%clk 0:00:18]} 41. f4
{[%clk 0:00:07]} a5 {[%clk 0:00:20]} 1/2-1/2

[Event "Blitz 2018"]
[Site "Saint-Petersburg"]
[Date "2018.12.30"]
[Round "17"]
[Board "3"]
[White "Svidler Peter (RUS)"]
[Black "Aronian Levon (ARM)"]
[Result "1/2-1/2"]
[BlackElo "2858"]
[WhiteElo "2770"]
[LiveChessVersion "1.4.8"]

1. e4 {[%clk 0:03:03]} e5 {[%clk 0:03:02]} 2. Nf3 {[%clk 0:03:04]} Nc6
{[%clk 0:03:03]} 3. Bb5 {[%clk 0:03:05]} Nf6 {[%clk 0:03:04]} 4. d3
{[%clk 0:03:05]} Bc5 {[%clk 0:03:05]} 5. Ba4 {[%clk 0:03:04]} O-O
{[%clk 0:02:58]} 6. O-O {[%clk 0:03:04]} Re8 {[%clk 0:02:57]} 7. Nbd2
{[%clk 0:02:50]} Bf8 {[%clk 0:02:52]} 8. h3 {[%clk 0:02:42]} d6 {[%clk 0:02:47]}
9. Re1 {[%clk 0:02:41]} Bd7 {[%clk 0:02:48]} 10. c3 {[%clk 0:02:41]} Ne7
{[%clk 0:02:49]} 11. Bc2 {[%clk 0:02:39]} Ng6 {[%clk 0:02:48]} 12. d4
{[%clk 0:02:40]} c5 {[%clk 0:02:27]} 13. Nf1 {[%clk 0:02:35]} h6 {[%clk 0:02:15]}
14. Ng3 {[%clk 0:02:35]} Rc8 {[%clk 0:01:57]} 15. dxe5 {[%clk 0:02:13]} dxe5
{[%clk 0:01:55]} 16. Be3 {[%clk 0:02:14]} Qb6 {[%clk 0:01:23]} 17. Bb3
{[%clk 0:02:09]} Be6 {[%clk 0:01:18]} 18. Nd2 {[%clk 0:02:00]} Qc6
{[%clk 0:01:15]} 19. Bxe6 {[%clk 0:01:53]} Rxe6 {[%clk 0:01:16]} 20. c4
{[%clk 0:01:50]} Nf4 {[%clk 0:01:08]} 21. Qc2 {[%clk 0:01:52]} Ree8
{[%clk 0:01:00]} 22. Ne2 {[%clk 0:01:39]} Ne6 {[%clk 0:00:56]} 23. Nc3
{[%clk 0:01:40]} Nd4 {[%clk 0:00:57]} 24. Qd3 {[%clk 0:01:40]} Be7
{[%clk 0:00:49]} 25. Nd5 {[%clk 0:01:39]} Bd8 {[%clk 0:00:40]} 26. Red1
{[%clk 0:01:39]} a6 {[%clk 0:00:37]} 27. Rac1 {[%clk 0:01:39]} Nh7
{[%clk 0:00:31]} 28. b4 {[%clk 0:01:34]} Bg5 {[%clk 0:00:27]} 29. Bxd4
{[%clk 0:01:29]} cxd4 {[%clk 0:00:27]} 30. c5 {[%clk 0:01:28]} Nf6
{[%clk 0:00:28]} 31. Nb6 {[%clk 0:01:15]} Rcd8 {[%clk 0:00:23]} 32. Nbc4
{[%clk 0:01:16]} Re6 {[%clk 0:00:13]} 33. Rc2 {[%clk 0:01:12]} Qb5
{[%clk 0:00:13]} 34. Nf3 {[%clk 0:01:06]} Qxb4 {[%clk 0:00:09]} 35. Ncxe5
{[%clk 0:00:40]} Qa4 {[%clk 0:00:10]} 36. c6 {[%clk 0:00:26]} bxc6
{[%clk 0:00:11]} 37. Rc4 {[%clk 0:00:27]} Qxa2 {[%clk 0:00:11]} 38. Nxc6
{[%clk 0:00:27]} Rde8 {[%clk 0:00:11]} 39. e5 {[%clk 0:00:27]} Nd5
{[%clk 0:00:11]} 40. Nfxd4 {[%clk 0:00:20]} Rg6 {[%clk 0:00:09]} 41. e6
{[%clk 0:00:15]} Rf6 {[%clk 0:00:09]} 42. exf7+ {[%clk 0:00:14]} Rxf7
{[%clk 0:00:10]} 43. Rc2 {[%clk 0:00:09]} Qa4 {[%clk 0:00:11]} 44. Nf3
{[%clk 0:00:07]} Nf4 {[%clk 0:00:12]} 1/2-1/2

[Event "Blitz 2018"]
[Site "Saint-Petersburg"]
[Date "2018.12.30"]
[Round "17"]
[Board "4"]
[White "Gelfand Boris (ISR)"]
[Black "Artemiev Vladislav (RUS)"]
[Result "1/2-1/2"]
[BlackElo "2825"]
[WhiteElo "2722"]
[LiveChessVersion "1.4.8"]

1. Nf3 {[%clk 0:03:03]} Nf6 {[%clk 0:02:54]} 2. c4 {[%clk 0:03:04]} g6
{[%clk 0:02:55]} 3. Nc3 {[%clk 0:03:06]} d5 {[%clk 0:02:56]} 4. cxd5
{[%clk 0:03:07]} Nxd5 5. Qc2 Nc6 {[%clk 0:02:54]} 6. Qb3 {[%clk 0:03:09]} Nb6
{[%clk 0:02:50]} 7. d4 {[%clk 0:03:10]} Bg7 {[%clk 0:02:49]} 8. e3
{[%clk 0:03:11]} O-O {[%clk 0:02:49]} 9. Be2 {[%clk 0:03:10]} e5 {[%clk 0:02:48]}
10. Nxe5 {[%clk 0:02:32]} Nxe5 {[%clk 0:02:48]} 11. dxe5 {[%clk 0:02:34]} Bxe5
{[%clk 0:02:47]} 12. O-O {[%clk 0:02:33]} Qe7 {[%clk 0:02:29]} 13. Rd1
{[%clk 0:02:13]} Be6 {[%clk 0:02:24]} 14. Qc2 {[%clk 0:02:15]} Rad8
{[%clk 0:02:25]} 15. Bd2 {[%clk 0:02:14]} Qh4 {[%clk 0:01:45]} 16. g3
{[%clk 0:02:06]} Qe7 {[%clk 0:01:44]} 17. Be1 {[%clk 0:02:07]} Nd5
{[%clk 0:00:46]} 18. Rac1 {[%clk 0:01:41]} c6 {[%clk 0:00:33]} 19. a3
{[%clk 0:01:37]} Nxc3 {[%clk 0:00:15]} 20. Bxc3 {[%clk 0:01:38]} Bf5
{[%clk 0:00:12]} 21. Qb3 {[%clk 0:01:23]} Be6 {[%clk 0:00:13]} 22. Qc2
{[%clk 0:01:22]} Bxc3 {[%clk 0:00:13]} 23. Qxc3 {[%clk 0:01:23]} Rxd1+
{[%clk 0:00:13]} 24. Rxd1 {[%clk 0:01:25]} Rd8 {[%clk 0:00:14]} 25. Rxd8+ Qxd8
{[%clk 0:00:15]} 26. e4 {[%clk 0:01:16]} c5 {[%clk 0:00:06]} 27. Qxc5
{[%clk 0:00:59]} Qd2 {[%clk 0:00:07]} 28. Bf1 {[%clk 0:01:00]} Qxb2
{[%clk 0:00:06]} 29. Qxa7 {[%clk 0:01:01]} Qb1 {[%clk 0:00:07]} 30. Qb8+
{[%clk 0:00:51]} Kg7 {[%clk 0:00:09]} 31. Qe5+ {[%clk 0:00:53]} Kg8
{[%clk 0:00:10]} 32. Qb8+ {[%clk 0:00:53]} Kg7 {[%clk 0:00:12]} 1/2-1/2